[Event "South Moravia Region-chT 2223"]
[Site "Czech Republic"]
[Date "2022.11.13"]
[Round "3.1"]
[White "Pesak, Roman"]
[Black "Handl, Martin"]
[Result "1-0"]
[WhiteElo "1908"]
[BlackElo "2007"]
[PlyCount "99"]
[EventDate "2022.10.09"]
[EventType "team-tourn"]
[EventRounds "11"]
[EventCountry "CZE"]
[SourceTitle "EXT 2024"]
[Source "ChessBase"]
[SourceDate "2023.10.10"]
[SourceVersion "1"]
[SourceVersionDate "2023.10.10"]
[SourceQuality "1"]

1. e4 c5 2. Nf3 d6 3. d4 cxd4 4. Nxd4 Nf6 5. Nc3 a6 6. Be2 e5 7. Nf3 Be7 8. 0-0 b5 9. Bg5 Nbd7 10. a3 Bb7 11. Bd3 0-0 12. Qe2 Rc8 13. Rad1 Qc7 14. Nh4 g6 15. h3 Qd8 16. Nf3 Nh5 17. Bh6 Re8 18. Qe3 Qb6 19. Qd2 Nc5 20. g4 Nf6 21. Rfe1 b4 22. axb4 Qxb4 23. Rb1 Ne6 24. Qe3 Red8 25. Ng5 Nd4 26. f4 d5 27. Kf1 dxe4 28. Ngxe4 exf4 29. Qxf4 Qb6 30. Ng5 Qd6 31. Qf2 Bf8 32. Bxf8 Rxf8 33. Rbd1 Rfd8 34. Be4 Rb8 35. Bxb7 Rxb7 36. Nf3 Rb4 37. g5 Nh5 38. Ne2 Nxe2 39. Rxd6 Nhg3+ 40. Kg2 Rxd6 41. Rxe2 Nxe2 42. Qxe2 Re6 43. Qd3 a5 44. Ne5 Rxb2 45. Qc3 Rxc2+ 46. Qxc2 Rxe5 47. Qc8+ Kg7 48. Qc3 f6 49. Qc7+ Kg8 50. gxf6 1-0

[Event "CZE-chT2E 1920"]
[Site "Czech Republic"]
[Date "2020.06.28"]
[Round "11.5"]
[White "Babula, Vlastimil1111"]
[Black "Handl, Martin"]
[Result "1-0"]
[WhiteElo "2041"]
[BlackElo "2013"]
[PlyCount "79"]
[EventDate "2019.10.13"]
[EventType "team-tourn"]
[EventRounds "11"]
[EventCountry "CZE"]
[SourceTitle "EXT 2024"]
[Source "ChessBase"]
[SourceDate "2023.10.10"]
[SourceVersion "1"]
[SourceVersionDate "2023.10.10"]
[SourceQuality "1"]
[WhiteTeam "Stare Mesto II"]
[BlackTeam "Adamov"]
[WhiteTeamCountry "CZE"]
[BlackTeamCountry "CZE"]

1. e4 c5 2. Nf3 d6 3. d4 cxd4 4. Nxd4 Nf6 5. Nc3 a6 6. Bc4 e5 7. Nf5 g6 8. Ne3 Be6 9. Ned5 Nbd7 10. f3 b5 11. Bb3 Be7 12. Bh6 b4 13. Nxb4 Nb6 14. Nbd5 Nbxd5 15. Nxd5 Nxd5 16. Bxd5 Rb8 17. Bc6+ Bd7 18. Bxd7+ Kxd7 19. 0-0 Qb6+ 20. Kh1 Qxb2 21. Qd5 f5 22. exf5 gxf5 23. Rad1 Rhg8 24. Qd3 Ke6 25. Qd5+ Kd7 26. f4 Rg6 27. Bg5 Bxg5 28. fxg5 f4 29. Qf7+ Kc6 30. Qxh7 Re6 31. Qf7 Qxa2 32. c4 Rbe8 33. Ra1 Qe2 34. Rxa6+ Kc5 35. Qc7+ Kd4 36. Qb6+ Ke4 37. Qb1+ Kd4 38. Rd1+ Kc3 39. Rd3+ Kxc4 40. Rc6# 1-0

[Event "CZE-chT2E 1718"]
[Site "Czech Republic"]
[Date "2017.11.19"]
[Round "3.6"]
[White "Blaha, Petr"]
[Black "Handl, Martin"]
[Result "1/2-1/2"]
[WhiteElo "1986"]
[BlackElo "2040"]
[PlyCount "108"]
[EventDate "2017.10.15"]
[EventType "team-tourn"]
[EventRounds "11"]
[EventCountry "CZE"]
[SourceTitle "EXT 2022"]
[Source "ChessBase"]
[SourceDate "2021.10.06"]
[SourceVersion "1"]
[SourceVersionDate "2021.10.06"]
[SourceQuality "1"]
[WhiteTeam "Stare Mesto II"]
[BlackTeam "Lipovec Garde"]
[WhiteTeamCountry "CZE"]
[BlackTeamCountry "CZE"]

1. d4 c5 2. e3 g6 3. g3 Bg7 4. Bg2 Nf6 5. Nf3 0-0 6. 0-0 cxd4 7. exd4 d5 8. c3 Qb6 9. Re1 Nc6 10. Qb3 Qxb3 11. axb3 Bf5 12. b4 Bxb1 13. Rxb1 Ne4 14. Ng5 Nxg5 15. Bxg5 e6 16. b5 Na5 17. b3 a6 18. Bf1 axb5 19. Bxb5 Rfc8 20. Bd2 Kf8 21. Kf1 Nc6 22. Ra1 Rxa1 23. Rxa1 e5 24. dxe5 Bxe5 25. f4 Bf6 26. Ra4 Rd8 27. Bd3 Rc8 28. Ke2 Ne7 29. Rb4 Rc7 30. Rb6 Bg7 31. Rb5 Bf6 32. c4 dxc4 33. bxc4 Nc6 34. Be3 Nd4+ 35. Bxd4 Bxd4 36. Rd5 Re7+ 37. Kf1 Be3 38. Kg2 b6 39. Kf3 Bc5 40. h4 Re3+ 41. Kg2 Kg7 42. f5 h5 43. fxg6 fxg6 44. Bf1 Re7 45. Bd3 Rf7 46. Rg5 Rf2+ 47. Kh3 Rf6 48. Be2 Re6 49. Bf3 Kf6 50. g4 Re3 51. Kg2 hxg4 52. Rxg4 Re1 53. Be4 Rg1+ 54. Kh3 Rxg4 1/2-1/2

[Event "CZE-chT2E 1617"]
[Site "Czech Republic"]
[Date "2016.11.13"]
[Round "3.6"]
[White "Straka, Vojtech1111"]
[Black "Handl, Martin"]
[Result "1/2-1/2"]
[WhiteElo "1904"]
[BlackElo "2090"]
[PlyCount "116"]
[EventDate "2016.09.10"]
[EventType "team-tourn"]
[EventRounds "11"]
[EventCountry "CZE"]
[SourceTitle "EXT 2022"]
[Source "ChessBase"]
[SourceDate "2021.10.06"]
[SourceVersion "1"]
[SourceVersionDate "2021.10.06"]
[SourceQuality "1"]
[WhiteTeam "Brno Lokomotiva II"]
[BlackTeam "Lipovec Garde"]
[WhiteTeamCountry "CZE"]
[BlackTeamCountry "CZE"]

1. d4 c5 2. Nf3 cxd4 3. Nxd4 Nc6 4. g3 g6 5. Bg2 Bg7 6. c3 Nf6 7. Nd2 0-0 8. 0-0 d5 9. N2b3 e5 10. Nxc6 bxc6 11. Bg5 h6 12. Bxf6 Bxf6 13. e4 Be6 14. Nc5 Qb6 15. Nxe6 fxe6 16. Qc2 Kg7 17. Rad1 Rab8 18. b3 a5 19. Kh1 Qc5 20. Bh3 Rbe8 21. c4 Bg5 22. Bg2 Rf7 23. Qe2 d4 24. Rd3 Ref8 25. Bh3 Qd6 26. Bg2 c5 27. f3 Qa6 28. Qb2 Rb8 29. Qa3 Qb6 30. Ra1 Ra7 31. h4 Be3 32. Bh3 Kf7 33. Rb1 a4 34. Qb2 Qc7 35. Qc2 Rab7 36. Bf1 Qa5 37. Be2 axb3 38. axb3 Rb4 39. Qd1 Qb6 40. Qc2 Ra8 41. Rb2 Ra1+ 42. Rd1 Qa7 43. Rdb1 Qa3 44. Kg2 Rb7 45. Bd3 Rxb1 46. Rxb1 Qb4 47. Kf1 Ra7 48. Ke2 Ra3 49. Kf1 Qa5 50. Be2 Ra2 51. Rb2 Ra1+ 52. Rb1 Ra3 53. Bd1 Kf6 54. g4 Kg7 55. h5 g5 56. Qh2 Kf6 57. Qc2 Ra2 58. Rb2 Ra1 1/2-1/2

[Event "CZE-chT2E 1516"]
[Site "Czech Republic"]
[Date "2016.01.10"]
[Round "5.7"]
[White "Handl, Martin"]
[Black "Zeman, Arnost"]
[Result "0-1"]
[WhiteElo "2090"]
[BlackElo "1992"]
[PlyCount "154"]
[EventDate "2015.10.18"]
[EventType "team-tourn"]
[EventRounds "11"]
[EventCountry "CZE"]
[SourceTitle "EXT 2022"]
[Source "ChessBase"]
[SourceDate "2021.10.06"]
[SourceVersion "1"]
[SourceVersionDate "2021.10.06"]
[SourceQuality "1"]
[WhiteTeam "Lipovec Garde"]
[BlackTeam "Orechov"]
[WhiteTeamCountry "CZE"]
[BlackTeamCountry "CZE"]

1. e4 c5 2. Nf3 e6 3. d4 cxd4 4. Nxd4 Nf6 5. Nc3 Bb4 6. Bd3 d5 7. e5 Ne4 8. Bd2 Nxf2 9. Kxf2 Qh4+ 10. Ke3 Bc5 11. Nce2 Nc6 12. Bc3 Qg5+ 13. Kf2 Nxe5 14. Bb5+ Ke7 15. Qd2 Qxd2 16. Bxd2 a6 17. Ba4 Nc4 18. Ke1 Nxb2 19. Bb3 Nc4 20. Bxc4 dxc4 21. Be3 Bd6 22. Kf2 e5 23. Nf3 Bf5 24. c3 f6 25. Rhd1 Rhd8 26. Bb6 Rd7 27. a4 a5 28. Nd2 Ra6 29. Be3 Bc2 30. Rdc1 Bd3 31. g4 g6 32. Ng3 f5 33. Bg5+ Ke6 34. gxf5+ gxf5 35. Nh5 h6 36. Bh4 Bc5+ 37. Ke1 f4 38. Nf3 Kf5 39. Bf2 Be3 40. Bxe3 fxe3 41. Ng3+ Kf4 42. Ng1 Rg6 43. Ra2 Rf7 44. Rg2 e4 45. N1e2+ Ke5 46. Ra1 h5 47. h4 Rg4 48. Rh2 Rfg7 49. Rh3 Bxe2 50. Kxe2 Rxg3 51. Rxg3 Rxg3 52. Rb1 Kf4 53. Rxb7 Rg2+ 54. Ke1 e2 55. Kd2 e1Q+ 56. Kxe1 Ke3 57. Kd1 Kd3 58. Rd7+ Kxc3 59. Re7 Rg4 60. Re5 Kb4 61. Rxh5 Kxa4 62. Rh8 Kb4 63. h5 Kc3 64. Ke2 Kc2 65. h6 Rh4 66. h7 c3 67. Ke3 a4 68. Ke2 a3 69. Ke3 a2 70. Ra8 Rxh7 71. Rxa2+ Kb1 72. Ra8 c2 73. Rb8+ Kc1 74. Kxe4 Rd7 75. Rh8 Kd2 76. Rh2+ Kc3 77. Rh1 Kb2 0-1

[Event "CZE-chT2E 1516"]
[Site "Czech Republic"]
[Date "2015.10.18"]
[Round "1.6"]
[White "Tovarek, Antonin"]
[Black "Handl, Martin"]
[Result "1/2-1/2"]
[WhiteElo "1959"]
[BlackElo "2090"]
[PlyCount "98"]
[EventDate "2015.10.18"]
[EventType "team-tourn"]
[EventRounds "11"]
[EventCountry "CZE"]
[SourceTitle "EXT 2022"]
[Source "ChessBase"]
[SourceDate "2021.10.06"]
[SourceVersion "1"]
[SourceVersionDate "2021.10.06"]
[SourceQuality "1"]
[WhiteTeam "Jundrov Jezdci"]
[BlackTeam "Lipovec Garde"]
[WhiteTeamCountry "CZE"]
[BlackTeamCountry "CZE"]

1. e4 c5 2. Nf3 d6 3. d4 cxd4 4. Nxd4 Nf6 5. Nc3 a6 6. Be2 e5 7. Nb3 Be7 8. 0-0 Be6 9. Be3 Nbd7 10. Qd2 0-0 11. Kh1 b5 12. a3 Nb6 13. Na5 Qc7 14. f4 Rac8 15. Bf3 Nbd7 16. Nb3 exf4 17. Bxf4 Ne5 18. Nd4 Nc4 19. Qf2 Nxb2 20. Nd5 Nxd5 21. exd5 Bd7 22. Qg3 Nc4 23. Be4 Ne5 24. Nf5 Bxf5 25. Bxf5 Rce8 26. Rae1 Ng6 27. Bxg6 fxg6 28. Qd3 g5 29. Bg3 Rxf1+ 30. Rxf1 Bf6 31. Re1 Rxe1+ 32. Bxe1 Qe7 33. Bg3 Be5 34. a4 Bxg3 35. hxg3 Qd7 36. axb5 Qxb5 37. Qf5 Qc5 38. Qe6+ Kf8 39. Qf5+ Ke8 40. Qe6+ Kd8 41. Qg8+ Kc7 42. Qxg7+ Kb6 43. Qb2+ Qb5 44. Qd4+ Qc5 45. Qb2+ Ka5 46. c3 Ka4 47. Qa2+ Kb5 48. Qb3+ Ka5 49. Kh2 h5 1/2-1/2

[Event "CZE-chT2E 1314"]
[Site "Czech Republic"]
[Date "2014.02.02"]
[Round "7.6"]
[White "Krejcirik, Radim"]
[Black "Handl, Martin"]
[Result "1/2-1/2"]
[WhiteElo "1933"]
[BlackElo "2088"]
[PlyCount "63"]
[EventDate "2013.11.03"]
[EventType "team-tourn"]
[EventRounds "11"]
[EventCountry "CZE"]
[SourceTitle "EXT 2016"]
[Source "ChessBase"]
[SourceDate "2015.10.08"]
[SourceVersion "1"]
[SourceVersionDate "2015.10.08"]
[SourceQuality "1"]
[WhiteTeam "Napajedla"]
[BlackTeam "Lipovec Garde"]
[WhiteTeamCountry "CZE"]
[BlackTeamCountry "CZE"]

1. d4 c5 2. e4 cxd4 3. c3 d3 4. Bxd3 d6 5. Nf3 Nf6 6. 0-0 g6 7. h3 Bg7 8. Be3 Nc6 9. c4 0-0 10. Nc3 b6 11. Qd2 Bb7 12. Rad1 Rc8 13. b3 Re8 14. Bh6 Bh8 15. Rfe1 Nd7 16. Nd5 Nde5 17. Re3 Nxf3+ 18. Rxf3 Ne5 19. Rg3 Bxd5 20. exd5 Qc7 21. h4 Nxd3 22. Qxd3 Bg7 23. Bxg7 Kxg7 24. Qd4+ Kg8 25. h5 e5 26. dxe6 Rxe6 27. hxg6 fxg6 28. Qd5 Rce8 29. Rgd3 Qf7 30. Kf1 Re2 31. Qxf7+ Kxf7 32. R3d2 1/2-1/2

[Event "CZE-chT2E 1314"]
[Site "Czech Republic"]
[Date "2013.12.15"]
[Round "4.6"]
[White "Handl, Martin"]
[Black "Vrtal, Jaroslav"]
[Result "1-0"]
[WhiteElo "2088"]
[BlackElo "2090"]
[PlyCount "137"]
[EventDate "2013.11.03"]
[EventType "team-tourn"]
[EventRounds "11"]
[EventCountry "CZE"]
[SourceTitle "EXT 2016"]
[Source "ChessBase"]
[SourceDate "2015.10.08"]
[SourceVersion "1"]
[SourceVersionDate "2015.10.08"]
[SourceQuality "1"]
[WhiteTeam "Lipovec Garde"]
[BlackTeam "Kromeriz Slavia II"]
[WhiteTeamCountry "CZE"]
[BlackTeamCountry "CZE"]

1. e4 c5 2. Nf3 d6 3. d4 cxd4 4. Nxd4 Nf6 5. Nc3 a6 6. Bc4 e6 7. Bb3 Be7 8. 0-0 0-0 9. Be3 Nc6 10. f4 Qc7 11. f5 e5 12. Nde2 Na5 13. Ng3 Nxb3 14. axb3 Bd7 15. Nh5 Bc6 16. Nxf6+ Bxf6 17. Rf2 Rac8 18. Nd5 Bxd5 19. Qxd5 Qc6 20. Rd1 Be7 21. c3 a5 22. Rfd2 Ra8 23. Ra1 Rfb8 24. Kf2 Kf8 25. Kf3 Qxd5 26. Rxd5 b5 27. Ke2 Ke8 28. Kd3 Ra6 29. Kc2 Bd8 30. Rad1 Be7 31. g4 f6 32. Rg1 Bd8 33. h4 h6 34. Rd2 Rc8 35. Kd3 Rca8 36. Kc2 Rc8 37. Rgd1 Be7 38. Rg2 b4 39. Ra1 Rcc6 40. c4 Ra8 41. Kd3 Rca6 42. Kc2 Rc8 43. Kd3 Rca8 44. Rgg1 Kd7 45. g5 hxg5 46. hxg5 a4 47. Rxa4 Rxa4 48. bxa4 Rxa4 49. Kc2 Ra8 50. Rh1 Rb8 51. Rh7 Rg8 52. g6 Kc6 53. Kb3 Bf8 54. Bd2 Kc5 55. Be3+ Kc6 56. Bf2 Be7 57. Kxb4 d5+ 58. Kc3 dxe4 59. b4 Ra8 60. b5+ Kd7 61. Rxg7 Ra3+ 62. Kb2 e3 63. Be1 Ra4 64. c5 Kd8 65. Rg8+ Kd7 66. c6+ Kd6 67. g7 Rg4 68. Kc2 e4 69. Bb4+ 1-0

[Event "CZE-chT2E 1213"]
[Site "Czech Republic"]
[Date "2013.03.24"]
[Round "11.2"]
[White "Blaha, Petr"]
[Black "Handl, Martin"]
[Result "1-0"]
[WhiteElo "2075"]
[BlackElo "2094"]
[PlyCount "59"]
[EventDate "2012.10.14"]
[EventType "team-tourn"]
[EventRounds "11"]
[EventCountry "CZE"]
[SourceTitle "EXT 2016"]
[Source "ChessBase"]
[SourceDate "2015.10.08"]
[SourceVersion "1"]
[SourceVersionDate "2015.10.08"]
[SourceQuality "1"]
[WhiteTeam "Stare Mesto III"]
[BlackTeam "Adamov"]
[WhiteTeamCountry "CZE"]
[BlackTeamCountry "CZE"]

1. d4 c5 2. d5 e6 3. c4 exd5 4. cxd5 d6 5. Nc3 g6 6. e4 Bg7 7. h3 Nf6 8. Nf3 0-0 9. Bd3 b6 10. 0-0 Ba6 11. Re1 Bxd3 12. Qxd3 a6 13. Bf4 b5 14. Rad1 Qb6 15. e5 dxe5 16. Nxe5 Nbd7 17. Ne4 Nxe5 18. Bxe5 Nxe4 19. Qxe4 Rfe8 20. Qf4 Bxe5 21. Rxe5 Rad8 22. d6 Rxe5 23. Qxe5 Qc6 24. d7 c4 25. Rd6 Qa8 26. h4 h5 27. Qe7 Kg7 28. Rf6 Rf8 29. Rxf7+ Rxf7 30. d8Q 1-0

[Event "CZE-chT2E 1213"]
[Site "Czech Republic"]
[Date "2013.03.03"]
[Round "10.2"]
[White "Handl, Martin"]
[Black "Vechet, Stanislav"]
[Result "1/2-1/2"]
[WhiteElo "2094"]
[BlackElo "2176"]
[PlyCount "41"]
[EventDate "2012.10.14"]
[EventType "team-tourn"]
[EventRounds "11"]
[EventCountry "CZE"]
[SourceTitle "EXT 2016"]
[Source "ChessBase"]
[SourceDate "2015.10.08"]
[SourceVersion "1"]
[SourceVersionDate "2015.10.08"]
[SourceQuality "1"]
[WhiteTeam "Adamov"]
[BlackTeam "Brno Moravska Slavia"]
[WhiteTeamCountry "CZE"]
[BlackTeamCountry "CZE"]

1. e4 e5 2. Nf3 Nc6 3. Bb5 a6 4. Bxc6 dxc6 5. d4 exd4 6. Qxd4 Qxd4 7. Nxd4 Bd6 8. Be3 c5 9. Ne2 b6 10. Nd2 Bb7 11. 0-0-0 0-0-0 12. f3 Ne7 13. Nc4 Ng6 14. Nxd6+ cxd6 15. Nc3 f6 16. Rhe1 h5 17. Nd5 Bxd5 18. Rxd5 Ne7 19. Rdd1 d5 20. exd5 Nxd5 21. Bf2 1/2-1/2

[Event "CZE-chT2E 1213"]
[Site "Czech Republic"]
[Date "2013.01.20"]
[Round "7.2"]
[White "Krcal, Michal"]
[Black "Handl, Martin"]
[Result "0-1"]
[WhiteElo "2156"]
[BlackElo "2094"]
[PlyCount "152"]
[EventDate "2012.10.14"]
[EventType "team-tourn"]
[EventRounds "11"]
[EventCountry "CZE"]
[SourceTitle "EXT 2016"]
[Source "ChessBase"]
[SourceDate "2015.10.08"]
[SourceVersion "1"]
[SourceVersionDate "2015.10.08"]
[SourceQuality "1"]
[WhiteTeam "Zlin II"]
[BlackTeam "Adamov"]
[WhiteTeamCountry "CZE"]
[BlackTeamCountry "CZE"]

1. e4 c5 2. Nf3 d6 3. d4 cxd4 4. Nxd4 Nf6 5. Nc3 a6 6. Be2 e5 7. Nb3 Be7 8. 0-0 Be6 9. f4 Qc7 10. Kh1 Nbd7 11. Be3 exf4 12. Rxf4 Ne5 13. Nd4 0-0 14. Qe1 b5 15. Nf5 b4 16. Nxe7+ Qxe7 17. Na4 a5 18. Bd4 Rac8 19. c3 Qb7 20. Qf1 Qe7 21. Qf2 Nfd7 22. b3 f6 23. Qe3 Nc5 24. Nb6 Rb8 25. Nd5 Bxd5 26. exd5 Rbc8 27. cxb4 axb4 28. Bxe5 Qxe5 29. Qxe5 fxe5 30. Rxb4 Rf2 31. Re1 e4 32. Kg1 Rcf8 33. Rb8 Rxg2+ 34. Kxg2 Rxb8 35. Bc4 Kf7 36. a3 Ra8 37. b4 Nd3 38. Rxe4 Nb2 39. Rf4+ Ke7 40. Re4+ Kf7 41. Be2 Rxa3 42. Re6 Nd3 43. Bxd3 Rxd3 44. Rxd6 Ke7 45. Re6+ Kf7 46. Re5 Kf6 47. Rh5 Kg6 48. Rh4 Rxd5 49. Kf3 h5 50. Ke4 Rd2 51. Ke3 Rb2 52. Kd3 Kg5 53. Kc3 Rf2 54. Rh3 h4 55. b5 Kg4 56. Rd3 Rxh2 57. Rd2 Rxd2 58. Kxd2 h3 59. b6 h2 60. b7 h1Q 61. b8Q Qg2+ 62. Kd1 Qf3+ 63. Kc2 g5 64. Qd6 Qf2+ 65. Kd1 Qf3+ 66. Kc2 Kh4 67. Qh6+ Qh5 68. Qf6 Qg4 69. Kd3 Kg3 70. Qe5+ Qf4 71. Qe1+ Kg4 72. Qe7 Qf3+ 73. Kd2 Kh4 74. Qh7+ Kg3 75. Ke1 Qe3+ 76. Kd1 Qg1+ 0-1

[Event "CZE-chT2E 1213"]
[Site "Czech Republic"]
[Date "2012.11.18"]
[Round "3.2"]
[White "Markovic, Ivan1111"]
[Black "Handl, Martin"]
[Result "1-0"]
[WhiteElo "2140"]
[BlackElo "2094"]
[PlyCount "51"]
[EventDate "2012.10.14"]
[EventType "team-tourn"]
[EventRounds "11"]
[EventCountry "CZE"]
[SourceTitle "EXT 2016"]
[Source "ChessBase"]
[SourceDate "2015.10.08"]
[SourceVersion "1"]
[SourceVersionDate "2015.10.08"]
[SourceQuality "1"]
[WhiteTeam "Hustopece"]
[BlackTeam "Adamov"]
[WhiteTeamCountry "CZE"]
[BlackTeamCountry "CZE"]

1. e4 c5 2. Nf3 d6 3. d3 Nc6 4. g3 g6 5. Bg2 Bg7 6. 0-0 e6 7. c3 Nge7 8. Qe2 0-0 9. h4 Rb8 10. a4 b6 11. h5 Bb7 12. hxg6 hxg6 13. Na3 d5 14. e5 Nf5 15. Bg5 Qd7 16. Nc2 Ba6 17. g4 Nfe7 18. Bf6 Bh6 19. Ng5 d4 20. c4 Bb7 21. f4 Rfc8 22. Be4 Kf8 23. Nh7+ Kg8 24. Qh2 Kxh7 25. Qxh6+ Kxh6 26. Kf2 1-0

[Event "CZE-chT2E 1213"]
[Site "Czech Republic"]
[Date "2012.11.04"]
[Round "2.2"]
[White "Handl, Martin"]
[Black "Majer, Jiri"]
[Result "1-0"]
[WhiteElo "2094"]
[BlackElo "2248"]
[PlyCount "75"]
[EventDate "2012.10.14"]
[EventType "team-tourn"]
[EventRounds "11"]
[EventCountry "CZE"]
[SourceTitle "EXT 2016"]
[Source "ChessBase"]
[SourceDate "2015.10.08"]
[SourceVersion "1"]
[SourceVersionDate "2015.10.08"]
[SourceQuality "1"]
[WhiteTeam "Adamov"]
[BlackTeam "Kurim"]
[WhiteTeamCountry "CZE"]
[BlackTeamCountry "CZE"]

1. e4 d6 2. Nc3 Nf6 3. Nf3 g6 4. d4 Bg7 5. Be2 0-0 6. 0-0 c6 7. a4 a5 8. h3 Na6 9. Bg5 Nb4 10. Re1 e5 11. Qd2 Qc7 12. Bc4 Re8 13. dxe5 dxe5 14. Rad1 Be6 15. Bxe6 Rxe6 16. Nb1 Ne8 17. c3 Rd6 18. Qe2 Na6 19. Na3 Nc5 20. Qc4 Ne6 21. Bh4 h6 22. Bg3 Rad8 23. Qe2 Nf4 24. Bxf4 exf4 25. Nc4 Rxd1 26. Rxd1 Rxd1+ 27. Qxd1 b5 28. Na3 b4 29. cxb4 axb4 30. Nc4 Nf6 31. Qd3 Nd7 32. Qd2 c5 33. b3 Ne5 34. Nfxe5 Bxe5 35. Qd5 Bd4 36. a5 f3 37. e5 Qa7 38. Qxf3 1-0

[Event "CZE-chT2E 1112"]
[Site "Czech Republic"]
[Date "2012.03.25"]
[Round "10.2"]
[White "Dvorak, Martin"]
[Black "Handl, Martin"]
[Result "1-0"]
[WhiteElo "2083"]
[BlackElo "2117"]
[PlyCount "75"]
[EventDate "2011.10.09"]
[EventType "team-tourn"]
[EventRounds "11"]
[EventCountry "CZE"]
[SourceTitle "EXT 2013"]
[Source "ChessBase"]
[SourceDate "2012.11.22"]
[SourceVersion "1"]
[SourceVersionDate "2012.11.22"]
[SourceQuality "1"]
[WhiteTeam "Kromeriz II"]
[BlackTeam "Adamov"]
[WhiteTeamCountry "CZE"]
[BlackTeamCountry "CZE"]

1. e4 c5 2. Nf3 d6 3. d4 cxd4 4. Nxd4 Nf6 5. Nc3 a6 6. Be2 e5 7. Nb3 Be7 8. Be3 Be6 9. f3 Nbd7 10. Nd5 Nxd5 11. exd5 Bf5 12. Qd2 0-0 13. 0-0 Rc8 14. c4 Bg6 15. Na5 Qc7 16. b4 f5 17. Rac1 b6 18. Nb3 f4 19. Bf2 Ra8 20. Rfd1 Rfd8 21. a4 a5 22. c5 bxc5 23. Nxa5 Qb6 24. Nc6 Re8 25. a5 Qb7 26. b5 Nb8 27. Bc4 Kh8 28. Be1 Bf5 29. Ra1 Bg6 30. a6 Qc7 31. Qa5 Qxa5 32. Bxa5 Bf5 33. Bc7 Nd7 34. b6 Bd8 35. Bxd8 Rexd8 36. b7 Rab8 37. Nxb8 Rxb8 38. a7 1-0

[Event "CZE-chT2E 1112"]
[Site "Czech Republic"]
[Date "2012.01.22"]
[Round "6.2"]
[White "Buran, Jaroslav"]
[Black "Handl, Martin"]
[Result "1/2-1/2"]
[WhiteElo "2264"]
[BlackElo "2117"]
[PlyCount "116"]
[EventDate "2011.10.09"]
[EventType "team-tourn"]
[EventRounds "11"]
[EventCountry "CZE"]
[SourceTitle "EXT 2013"]
[Source "ChessBase"]
[SourceDate "2012.11.22"]
[SourceVersion "1"]
[SourceVersionDate "2012.11.22"]
[SourceQuality "1"]
[WhiteTeam "Stare Mesto III"]
[BlackTeam "Adamov"]
[WhiteTeamCountry "CZE"]
[BlackTeamCountry "CZE"]

1. d4 c5 2. d5 e6 3. Nc3 d6 4. e4 Nf6 5. Nf3 exd5 6. Nxd5 Be7 7. Bb5+ Bd7 8. Nxf6+ Bxf6 9. Bxd7+ Qxd7 10. 0-0 0-0 11. c3 Nc6 12. Re1 Rfe8 13. h3 Rad8 14. Bf4 d5 15. Qxd5 Qe7 16. Qh5 g6 17. Qg4 h5 18. Qg3 Ne5 19. Nxe5 Bxe5 20. Bxe5 Qxe5 21. f4 Qd6 22. Qf3 Qd3 23. Rad1 Qc2 24. Rxd8 Rxd8 25. e5 Qxb2 26. e6 Qxa2 27. e7 Re8 28. Qxb7 Qd2 29. Re4 Qd6 30. Qxa7 c4 31. Qe3 Kg7 32. Kf2 Kg8 33. g4 hxg4 34. hxg4 Qd7 35. f5 Qd6 36. Kg2 Kg7 37. Re5 Qd1 38. Qf3 Qd2+ 39. Re2 Qd6 40. fxg6 fxg6 41. Qe4 Kf6 42. Qf3+ Kg7 43. Qe3 Kf7 44. Qf2+ Kg7 45. Qg3 Qc6+ 46. Kg1 Qb6+ 47. Qe3 Qxe3+ 48. Rxe3 Kf7 49. Re4 Rxe7 50. Rxc4 Re2 51. Rf4+ Ke6 52. g5 Re3 53. Kf2 Rxc3 54. Rf6+ Ke5 55. Rxg6 Kf5 56. Rg8 Rc4 57. Kf3 Rf4+ 58. Ke3 Rg4 1/2-1/2

[Event "CZE-chT2E 1011"]
[Site "Czech Republic"]
[Date "2011.02.06"]
[Round "7.2"]
[White "Handl, Martin"]
[Black "Senkyr, Martin"]
[Result "0-1"]
[WhiteElo "2067"]
[BlackElo "2160"]
[PlyCount "110"]
[EventDate "2010.10.17"]
[EventType "team-tourn"]
[EventRounds "11"]
[EventCountry "CZE"]
[SourceTitle "EXT 2012"]
[Source "ChessBase"]
[SourceDate "2011.11.24"]
[SourceVersion "1"]
[SourceVersionDate "2011.11.24"]
[SourceQuality "1"]
[WhiteTeam "Adamov"]
[BlackTeam "Zlin III"]
[WhiteTeamCountry "CZE"]
[BlackTeamCountry "CZE"]

1. e4 e5 2. Nf3 Nc6 3. Bb5 a6 4. Ba4 Nf6 5. 0-0 b5 6. Bb3 Be7 7. Re1 d6 8. c3 0-0 9. h3 Na5 10. Bc2 c5 11. d4 cxd4 12. cxd4 Qc7 13. Nbd2 Bb7 14. Nf1 Rac8 15. Bd3 d5 16. dxe5 Nxe4 17. N1d2 Nc5 18. Bf5 Ne6 19. Nb3 Nc4 20. Nbd4 Nxd4 21. Nxd4 Rce8 22. f4 Bc5 23. Kh1 g6 24. Bc2 f6 25. b3 fxe5 26. fxe5 Nxe5 27. Bh6 Rf2 28. Rc1 Ba3 29. Rb1 Bb4 30. Re2 Rxe2 31. Qxe2 Bc3 32. Rd1 Qc5 33. Nf3 Qc6 34. Nxe5 Rxe5 35. Qf2 Qe8 36. Qf3 Re1+ 37. Kh2 Be5+ 38. Bf4 Bxf4+ 39. Qxf4 Qe5 40. Qxe5 Rxe5 41. Rd2 Kf7 42. Kg1 Ke7 43. Kf2 Kd6 44. b4 Re7 45. h4 Rc7 46. Bb3 Rf7+ 47. Ke3 Re7+ 48. Kf2 Re4 49. a3 Rxh4 50. Ke3 Rg4 51. Kf2 h5 52. Re2 h4 53. Re8 d4 54. Re6+ Kc7 55. Kf1 Bxg2+ 0-1

[Event "CZE-chT2E 1011"]
[Site "Czech Republic"]
[Date "2011.01.23"]
[Round "6.3"]
[White "Handl, Martin"]
[Black "Zapletal, Jiri"]
[Result "1/2-1/2"]
[WhiteElo "2067"]
[BlackElo "2171"]
[PlyCount "32"]
[EventDate "2010.10.17"]
[EventType "team-tourn"]
[EventRounds "11"]
[EventCountry "CZE"]
[SourceTitle "EXT 2012"]
[Source "ChessBase"]
[SourceDate "2011.11.24"]
[SourceVersion "1"]
[SourceVersionDate "2011.11.24"]
[SourceQuality "1"]
[WhiteTeam "Adamov"]
[BlackTeam "Prostejov"]
[WhiteTeamCountry "CZE"]
[BlackTeamCountry "CZE"]

1. e4 g6 2. d4 Bg7 3. Nc3 c6 4. Nf3 d6 5. a4 a5 6. h3 e5 7. dxe5 dxe5 8. Qxd8+ Kxd8 9. Bc4 f6 10. Be3 Kc7 11. Ke2 Nd7 12. Rad1 h5 13. Nh4 Ne7 14. Bf7 g5 15. Ng6 Nxg6 16. Bxg6 b6 1/2-1/2

[Event "CZE-chT2E 1011"]
[Site "Czech Republic"]
[Date "2010.12.05"]
[Round "4.3"]
[White "Handl, Martin"]
[Black "Gabriel, Adam"]
[Result "1/2-1/2"]
[WhiteElo "2067"]
[BlackElo "2148"]
[PlyCount "63"]
[EventDate "2010.10.17"]
[EventType "team-tourn"]
[EventRounds "11"]
[EventCountry "CZE"]
[SourceTitle "EXT 2012"]
[Source "ChessBase"]
[SourceDate "2011.11.24"]
[SourceVersion "1"]
[SourceVersionDate "2011.11.24"]
[SourceQuality "1"]
[WhiteTeam "Adamov"]
[BlackTeam "Borsice"]
[WhiteTeamCountry "CZE"]
[BlackTeamCountry "CZE"]

1. e4 c5 2. Nf3 e6 3. d4 cxd4 4. Nxd4 Nf6 5. Nc3 Nc6 6. Ndb5 Bb4 7. a3 Bxc3+ 8. Nxc3 d5 9. exd5 exd5 10. Bd3 0-0 11. 0-0 d4 12. Ne4 Bf5 13. Bg5 Bxe4 14. Bxe4 Qd6 15. Bxf6 Qxf6 16. Re1 a6 17. Qf3 Qxf3 18. Bxf3 Rfd8 19. Rad1 Rac8 20. Bxc6 bxc6 21. Re7 c5 22. Kf1 c4 23. Re4 d3 24. cxd3 cxd3 25. Ke1 g6 26. Re3 Rc2 27. Rdxd3 Rxd3 28. Rxd3 Rxb2 29. Rd6 Rb1+ 30. Ke2 Rb2+ 31. Ke1 Rb1+ 32. Ke2 1/2-1/2